Violencia contra las mujeres: las cifras también hablan

Guardat en:
Dades bibliogràfiques
Autor corporatiu: Instituto Nacional de las Mujeres
Format: Text
Publicat: San José: INAMU
Etiquetes: Afegir etiqueta
Sense etiquetes, Sigues el primer a etiquetar aquest registre!

MARC

LEADER 00000 a a2200000 04500
001 38121
003
040 |a CRAI/IIS  |c CRAI/IIS 
020 |a 978 9968-25-118-1  
090 |a 1003 I59v  
110 |a Instituto Nacional de las Mujeres  
245 |a Violencia contra las mujeres: las cifras también hablan  
260 |a San José:   |b INAMU  
300 |a 105 p.  
999 |c 1912  |d 1912